000 00335nam a2200133Ia 4500
005 20260328101526.0
008 260328s9999||||xx |||||||||||||| ||und||
100 _aConran, Sebastian
245 0 _aContemporary lighting /
_cSebastian Conran
260 _bConran Octopus
300 _a128 p.
650 _aDISEÑO INDUSTRIAL
942 _cBK
999 _c9784
_d9784